<?xml version="1.0" encoding="UTF-8"?>
<record
    xmlns:xsi="http://www.w3.org/2001/XMLSchema-instance"
    xsi:schemaLocation="http://www.loc.gov/MARC21/slim http://www.loc.gov/standards/marcxml/schema/MARC21slim.xsd"
    xmlns="http://www.loc.gov/MARC21/slim">

  <leader>01514nam a2200301 ia4500</leader>
  <controlfield tag="005">20260108140746.0</controlfield>
  <controlfield tag="008">260107t20222022uk a   ar     000 0 eng d</controlfield>
  <datafield tag="020" ind1=" " ind2=" ">
    <subfield code="a">9781835150542</subfield>
    <subfield code="c">RM59.90</subfield>
    <subfield code="q">paperback </subfield>
  </datafield>
  <datafield tag="040" ind1=" " ind2=" ">
    <subfield code="a">PPAK </subfield>
    <subfield code="b">eng </subfield>
    <subfield code="c">PPAK </subfield>
    <subfield code="e">rda </subfield>
  </datafield>
  <datafield tag="082" ind1="0" ind2="4">
    <subfield code="2">23</subfield>
    <subfield code="a">428.1</subfield>
  </datafield>
  <datafield tag="090" ind1="0" ind2="0">
    <subfield code="a">428.1</subfield>
    <subfield code="b">ANI </subfield>
    <subfield code="d">K </subfield>
  </datafield>
  <datafield tag="245" ind1="0" ind2="0">
    <subfield code="a">Animals / </subfield>
    <subfield code="c">Illustrations by Jordan Wray </subfield>
  </datafield>
  <datafield tag="264" ind1=" " ind2="1">
    <subfield code="a">Thaxted, United Kingdom : </subfield>
    <subfield code="b">Miles Kelly Publishing Ltd.,</subfield>
    <subfield code="c">2022</subfield>
  </datafield>
  <datafield tag="264" ind1=" " ind2="4">
    <subfield code="c">&#xA9;2022</subfield>
  </datafield>
  <datafield tag="300" ind1=" " ind2=" ">
    <subfield code="a">48 pages : </subfield>
    <subfield code="b">colour illustrations ; </subfield>
    <subfield code="c">24 x 24 cm </subfield>
  </datafield>
  <datafield tag="336" ind1=" " ind2=" ">
    <subfield code="a">text</subfield>
    <subfield code="2">rdacontent</subfield>
  </datafield>
  <datafield tag="337" ind1=" " ind2=" ">
    <subfield code="a">unmediated</subfield>
    <subfield code="2">rdamedia</subfield>
  </datafield>
  <datafield tag="338" ind1=" " ind2=" ">
    <subfield code="a">volume</subfield>
    <subfield code="2">rdacarrier</subfield>
  </datafield>
  <datafield tag="490" ind1="1" ind2=" ">
    <subfield code="a">Wonderful Words </subfield>
  </datafield>
  <datafield tag="520" ind1=" " ind2=" ">
    <subfield code="a">Little ones will love discovering the names of all sorts of animal friends with this delightful book of words. With lots to talk about on every page children will adore the brightness and detail in this book. Simple prompts and questions boost engagement and every animal is clearly labelled to help build vocabulary and introduce new words. &#x2022; Introduce children to a variety of animal-related vocabulary &#x2022; Themed pages explore familiar places and environments &#x2022; Bright, engaging illustrations &#x2022; Additional questions throughout help prompt little readers&#x2019; curiosity.</subfield>
  </datafield>
  <datafield tag="521" ind1="0" ind2=" ">
    <subfield code="a">Reading Age: 3+</subfield>
  </datafield>
  <datafield tag="650" ind1="1" ind2="0">
    <subfield code="a">Vocabulary </subfield>
  </datafield>
  <datafield tag="650" ind1="2" ind2="0">
    <subfield code="a">English language </subfield>
    <subfield code="x">Usage </subfield>
  </datafield>
  <datafield tag="650" ind1="2" ind2="0">
    <subfield code="a">English language </subfield>
    <subfield code="x">Grammar </subfield>
  </datafield>
  <datafield tag="700" ind1="1" ind2=" ">
    <subfield code="a">Wray, Jordan, </subfield>
    <subfield code="e">illustrator.</subfield>
  </datafield>
  <datafield tag="830" ind1=" " ind2="0">
    <subfield code="a">Wonderful words </subfield>
  </datafield>
  <datafield tag="942" ind1=" " ind2=" ">
    <subfield code="2">ddc</subfield>
    <subfield code="c">B</subfield>
  </datafield>
  <datafield tag="999" ind1=" " ind2=" ">
    <subfield code="c">202636</subfield>
    <subfield code="d">202636</subfield>
  </datafield>
  <datafield tag="952" ind1=" " ind2=" ">
    <subfield code="0">0</subfield>
    <subfield code="7">0</subfield>
    <subfield code="b">PPAK</subfield>
    <subfield code="c">K</subfield>
    <subfield code="d">2026-01-26</subfield>
    <subfield code="l">0</subfield>
    <subfield code="o">K 428.1 ANI </subfield>
    <subfield code="p">A01889236</subfield>
    <subfield code="r">2026-01-26 15:27:16</subfield>
    <subfield code="y">B</subfield>
  </datafield>
  <datafield tag="952" ind1=" " ind2=" ">
    <subfield code="0">0</subfield>
    <subfield code="7">0</subfield>
    <subfield code="b">SP</subfield>
    <subfield code="c">K</subfield>
    <subfield code="d">2026-01-26</subfield>
    <subfield code="l">1</subfield>
    <subfield code="o">K 428.1 ANI </subfield>
    <subfield code="p">A01889237</subfield>
    <subfield code="q">2026-07-06</subfield>
    <subfield code="r">2026-06-14 17:15:20</subfield>
    <subfield code="s">2026-06-14</subfield>
    <subfield code="y">B</subfield>
  </datafield>
  <datafield tag="952" ind1=" " ind2=" ">
    <subfield code="0">0</subfield>
    <subfield code="7">0</subfield>
    <subfield code="b">JT</subfield>
    <subfield code="c">K</subfield>
    <subfield code="d">2026-01-26</subfield>
    <subfield code="l">0</subfield>
    <subfield code="o">K 428.1 ANI </subfield>
    <subfield code="p">A01889238</subfield>
    <subfield code="r">2026-01-26 15:27:16</subfield>
    <subfield code="y">B</subfield>
  </datafield>
  <datafield tag="952" ind1=" " ind2=" ">
    <subfield code="0">0</subfield>
    <subfield code="7">0</subfield>
    <subfield code="b">KM</subfield>
    <subfield code="c">K</subfield>
    <subfield code="d">2026-01-26</subfield>
    <subfield code="l">1</subfield>
    <subfield code="o">K 428.1 ANI </subfield>
    <subfield code="p">A01889240</subfield>
    <subfield code="q">2026-07-01</subfield>
    <subfield code="r">2026-06-10 17:06:08</subfield>
    <subfield code="s">2026-06-10</subfield>
    <subfield code="y">B</subfield>
  </datafield>
  <datafield tag="952" ind1=" " ind2=" ">
    <subfield code="0">0</subfield>
    <subfield code="7">0</subfield>
    <subfield code="b">MR</subfield>
    <subfield code="c">K</subfield>
    <subfield code="d">2026-01-26</subfield>
    <subfield code="l">1</subfield>
    <subfield code="o">K 428.1 ANI </subfield>
    <subfield code="p">A01889243</subfield>
    <subfield code="q">2026-07-11</subfield>
    <subfield code="r">2026-06-20 16:58:59</subfield>
    <subfield code="s">2026-06-20</subfield>
    <subfield code="y">B</subfield>
  </datafield>
  <datafield tag="952" ind1=" " ind2=" ">
    <subfield code="0">0</subfield>
    <subfield code="7">0</subfield>
    <subfield code="b">YN</subfield>
    <subfield code="c">K</subfield>
    <subfield code="d">2026-01-26</subfield>
    <subfield code="l">0</subfield>
    <subfield code="o">K 428.1 ANI </subfield>
    <subfield code="p">A01889244</subfield>
    <subfield code="r">2026-01-26 15:27:16</subfield>
    <subfield code="y">B</subfield>
  </datafield>
  <datafield tag="952" ind1=" " ind2=" ">
    <subfield code="0">0</subfield>
    <subfield code="7">0</subfield>
    <subfield code="b">KN</subfield>
    <subfield code="c">K</subfield>
    <subfield code="d">2026-01-26</subfield>
    <subfield code="l">0</subfield>
    <subfield code="o">K 428.1 ANI </subfield>
    <subfield code="p">A01889246</subfield>
    <subfield code="r">2026-01-26 15:27:16</subfield>
    <subfield code="y">B</subfield>
  </datafield>
  <datafield tag="952" ind1=" " ind2=" ">
    <subfield code="0">0</subfield>
    <subfield code="7">0</subfield>
    <subfield code="b">PG</subfield>
    <subfield code="c">K</subfield>
    <subfield code="d">2026-01-26</subfield>
    <subfield code="l">0</subfield>
    <subfield code="o">K 428.1 ANI </subfield>
    <subfield code="p">A01889247</subfield>
    <subfield code="r">2026-01-26 15:27:16</subfield>
    <subfield code="y">B</subfield>
  </datafield>
</record>
